Fundamentals of electric waves / (Record no. 9286)

MARC details
000 -LEADER
fixed length control field 00938nac a22002771i 4500
003 - CONTROL NUMBER IDENTIFIER
control field EG-ScBUE
005 - DATE AND TIME OF LATEST TRANSACTION
control field 20250629094332.0
008 - FIXED-LENGTH DATA ELEMENTS--GENERAL INFORMATION
fixed length control field 250617t1948 nyuad f 001 0 eng d
035 ## - SYSTEM CONTROL NUMBER
System control number (OCoLC)687385
040 ## - CATALOGING SOURCE
Original cataloging agency EG-ScBUE
Language of cataloging eng
Description conventions rda
Transcribing agency EG-ScBUE
Modifying agency EG-ScBUE
082 04 - DEWEY DECIMAL CLASSIFICATION NUMBER
Classification number 537.5
Item number SKI
Edition number 22
100 1# - MAIN ENTRY--PERSONAL NAME
Personal name Skilling, Hugh Hildreth,
Dates associated with a name 1905-1990,
Relator term author.
245 10 - TITLE STATEMENT
Title Fundamentals of electric waves /
Statement of responsibility, etc Hugh Hildreth Skilling, Ph.D., professor of electrical engineering, Stanford University.
250 ## - EDITION STATEMENT
Edition statement Second edition.
264 #1 - PUBLICATION, DISTRIBUTION, ETC. (IMPRINT)
Place of publication, distribution, etc New York :
Name of publisher, distributor, etc John Wiley & Son, inc.,
Date of publication, distribution, etc [1948]
264 #4 - PUBLICATION, DISTRIBUTION, ETC. (IMPRINT)
Date of publication, distribution, etc c1948
300 ## - PHYSICAL DESCRIPTION
Extent vii, 245 pages :
Other physical details illustrations, diagrams ;
Dimensions 24 cm
336 ## - CONTENT TYPE
Source rdacontent
Content type term text
Content type code txt
337 ## - MEDIA TYPE
Media type term unmediated
Source rdamedia
Media type code n
338 ## - CARRIER TYPE
Carrier type term volume
Carrier type code nc
Source rdacarrier
500 ## - GENERAL NOTE
General note Tables on lining-papers.
500 ## - GENERAL NOTE
General note Includes index.<br/>
650 #7 - SUBJECT ADDED ENTRY--TOPICAL TERM
Topical term or geographic name as entry element Electric waves.
Source of heading or term BUEsh
655 ## - INDEX TERM--GENRE/FORM
Form subdivision Reading book
942 ## - ADDED ENTRY ELEMENTS (KOHA)
Koha item type Book - Borrowing
Source of classification or shelving scheme Dewey Decimal Classification
Holdings
Withdrawn status Lost status Source of classification or shelving scheme Damaged status Not for loan Collection code Home library Current library Shelving location Date acquired Source of acquisition Total Checkouts Full call number Barcode Date last seen Cost, replacement price Koha item type
    Dewey Decimal Classification     Alahram Central Library Central Library First floor 29/04/2008 Purchase   537.5 SKI 000011212 15/07/2025 3.90 Book - Borrowing